Polymer photovoltaics : (Record no. 22965)
[ view plain ]
| 000 -LEADER | |
|---|---|
| fixed length control field | 01051nam a22003015a 4500 |
| 005 - DATE AND TIME OF LATEST TRANSACTION | |
| control field | 20161119134135.0 |
| 008 - FIXED-LENGTH DATA ELEMENTS--GENERAL INFORMATION | |
| fixed length control field | 161101t2016 enka frb 001 0 eng d |
| 020 ## - INTERNATIONAL STANDARD BOOK NUMBER | |
| International Standard Book Number | 9781849739870 |
| 020 ## - INTERNATIONAL STANDARD BOOK NUMBER | |
| International Standard Book Number | 9781782622307 |
| 040 ## - CATALOGING SOURCE | |
| Original cataloging agency | EG-ScBUE |
| Language of cataloging | eng |
| Transcribing agency | EG-ScBUE |
| Modifying agency | EG-ScBUE |
| 082 04 - DEWEY DECIMAL CLASSIFICATION NUMBER | |
| Classification number | 621.31244 |
| Item number | POL |
| Edition number | 22 |
| 245 00 - TITLE STATEMENT | |
| Title | Polymer photovoltaics : |
| Remainder of title | materials, physics, and device engineering / |
| Statement of responsibility, etc | edited by Fei Huang, Hin-Lap Yip, Yong Cao. |
| 260 ## - PUBLICATION, DISTRIBUTION, ETC. (IMPRINT) | |
| Place of publication, distribution, etc | Cambridge : |
| Name of publisher, distributor, etc | Royal Society of Chemistry, |
| Date of publication, distribution, etc | c.2016. |
| 300 ## - PHYSICAL DESCRIPTION | |
| Extent | xv, 406 p. : |
| Other physical details | ill. ; |
| Dimensions | 24 cm. |
| 490 0# - Series Statement | |
| Series statement | RSC polymer chemistry series |
| 500 ## - GENERAL NOTE | |
| General note | Index : p. 397-406.<br/> |
| 504 ## - BIBLIOGRAPHY, ETC. NOTE | |
| Bibliography, etc | Includes bibliographical references.<br/> |
| 590 ## - LOCAL NOTE (RLIN) | |
| Local note | Suzan Ashmawy |
| 650 #7 - SUBJECT ADDED ENTRY--TOPICAL TERM | |
| Topical term or geographic name as entry element | Photovoltaic cells. |
| General subdivision | Materials. |
| Source of heading or term | BUEsh |
| 9 (RLIN) | 39713 |
| 650 #7 - SUBJECT ADDED ENTRY--TOPICAL TERM | |
| Topical term or geographic name as entry element | Conducting polymers. |
| Source of heading or term | BUEsh |
| 650 #7 - SUBJECT ADDED ENTRY--TOPICAL TERM | |
| Topical term or geographic name as entry element | Polymers. |
| General subdivision | Electric properties. |
| Source of heading or term | BUEsh |
| 9 (RLIN) | 4152 |
| 651 ## - SUBJECT ADDED ENTRY--GEOGRAPHIC NAME | |
| Source of heading or term | BUEsh |
| 653 ## - INDEX TERM--UNCONTROLLED | |
| Resource For college | Engineering, Chemical |
| Arrived date list | October2016 |
| 700 1# - ADDED ENTRY--PERSONAL NAME | |
| Personal name | Huang, Fei, |
| Relator term | editor. |
| 700 1# - ADDED ENTRY--PERSONAL NAME | |
| Personal name | Yip, Hin-Lap, |
| Relator term | editor, |
| 700 1# - ADDED ENTRY--PERSONAL NAME | |
| Personal name | Cao, Yong, |
| Relator term | editor. |
| 942 ## - ADDED ENTRY ELEMENTS (KOHA) | |
| Source of classification or shelving scheme | Dewey Decimal Classification |
| Withdrawn status | Item status | Source of classification or shelving scheme | Damaged status | Not for loan | Vendor | Home library | Current library | Shelving location | Date acquired | Source of acquisition | Cost, normal purchase price | Serial Enumeration / chronology | Total Checkouts | Full call number | Barcode | Date last seen | Cost, replacement price | Koha item type |
|---|---|---|---|---|---|---|---|---|---|---|---|---|---|---|---|---|---|---|
| Dewey Decimal Classification | Baccah | Central Library | Central Library | First floor | 01/11/2016 | Purchase | 2685.00 | 25143 | 621.31244 POL | 000045109 | 15/07/2025 | 3356.25 | NB - Book (Non borrowing) |